Ethics in information technology/ (Record no. 39290)
[ view plain ]
| 000 -LEADER | |
|---|---|
| fixed length control field | 00937nam a22002057a 4500 |
| 008 - FIXED-LENGTH DATA ELEMENTS--GENERAL INFORMATION | |
| fixed length control field | 110920t xxu||||| |||| 00| 0 eng d |
| 020 ## - INTERNATIONAL STANDARD BOOK NUMBER | |
| International Standard Book Number | 9780538473095 |
| 050 ## - LIBRARY OF CONGRESS CALL NUMBER | |
| Classification number | HF5387 |
| Item number | .R49 2010 |
| 100 ## - MAIN ENTRY--PERSONAL NAME | |
| Personal name | Reynolds, George W. |
| 245 ## - TITLE STATEMENT | |
| Title | Ethics in information technology/ |
| Statement of responsibility, etc | George W.Reynolds |
| 250 ## - EDITION STATEMENT | |
| Edition statement | 3rd ed. |
| 260 ## - PUBLICATION, DISTRIBUTION, ETC. (IMPRINT) | |
| Place of publication, distribution, etc | Australia |
| Name of publisher, distributor, etc | course technology,cengage learning |
| Date of publication, distribution, etc | 2010 |
| 300 ## - PHYSICAL DESCRIPTION | |
| Extent | xx,451p. |
| Other physical details | ill. |
| Dimensions | 24 |
| 500 ## - GENERAL NOTE | |
| General note | includes biblioographic references and index |
| 650 ## - SUBJECT ADDED ENTRY--TOPICAL TERM | |
| Topical term following geographic name as entry element | Information technology--Moral and ethical aspects |
| 650 ## - SUBJECT ADDED ENTRY--TOPICAL TERM | |
| Topical term following geographic name as entry element | Business ethics |
| 942 ## - ADDED ENTRY ELEMENTS (KOHA) | |
| Source of classification or shelving scheme | Library of Congress Classification |
| Item type | Book |
| Withdrawn status | Lost status | Source of classification or shelving scheme | Damaged status | Not for loan | Collection code | Home library | Current library | Shelving location | Date acquired | Source of acquisition | Total Checkouts | Full call number | Barcode | Date last seen | Date last borrowed | Copy number | Price effective from | Koha item type | Total Renewals |
|---|---|---|---|---|---|---|---|---|---|---|---|---|---|---|---|---|---|---|---|
| Library of Congress Classification | Non-fiction | Bishop Okullu Memorial Library (Limuru Campus) | Bishop Okullu Memorial Library (Limuru Campus) | General Circulation | 20/09/2011 | purchase | 10 | HF5387 .R49 2010 | 028135 | 13/03/2024 | 02/03/2024 | 1 | 20/09/2011 | Book | |||||
| Library of Congress Classification | Non-fiction | Nairobi Campus | Nairobi Campus | General Circulation | 20/09/2011 | purchase | 22 | HF5387 .R49 2010 | 028136 | 30/05/2023 | 23/05/2023 | 2 | 20/09/2011 | Book | 1 |